[Event "Warsaw Najdorf Memorial op-B"]
[Site "Warsaw"]
[Date "2021.07.16"]
[Round "7"]
[White "Jozwik, Michal"]
[Black "Iwaszkiewicz, Krzysztof"]
[Result "0-1"]
[WhiteElo "1435"]
[BlackElo "1706"]
[PlyCount "68"]
[EventDate "2021.07.10"]
[EventType "swiss"]
[EventRounds "9"]
[EventCountry "POL"]
[SourceTitle "EXT 2022"]
[Source "ChessBase"]
[SourceDate "2021.10.06"]
[SourceVersion "1"]
[SourceVersionDate "2021.10.06"]
[SourceQuality "1"]

1. d4 d5 2. Nf3 Nf6 3. c4 c6 4. e3 e6 5. Bd3 Nbd7 6. 0-0 dxc4 7. Bxc4 Be7 8. Nc3 b5 9. Bd3 b4 10. Ne4 Bb7 11. Qa4 Qb6 12. Ne5 0-0 13. Nxd7 Nxd7 14. b3 a5 15. Nd2 Qc7 16. Nc4 Ba6 17. Qxa5 Qxa5 18. Nxa5 Bxd3 19. Nxc6 Bd6 20. Rd1 Be4 21. d5 Bxd5 22. Nd4 Nf6 23. f3 Bc5 24. Bb2 Ra5 25. Kf2 Rfa8 26. Ne2 Rxa2 27. Rxa2 Rxa2 28. Rd2 h6 29. Nc1 Ra8 30. Nd3 Be7 31. Nc1 Bc6 32. Rc2 Bb5 33. Rc7 Nd5 34. Rb7 Bc6 0-1

[Event "Warsaw Najdorf Memorial op-B"]
[Site "Warsaw"]
[Date "2021.07.13"]
[Round "4"]
[White "Iwaszkiewicz, Krzysztof"]
[Black "Olcha, Dominik"]
[Result "1-0"]
[WhiteElo "1706"]
[BlackElo "1394"]
[PlyCount "105"]
[EventDate "2021.07.10"]
[EventType "swiss"]
[EventRounds "9"]
[EventCountry "POL"]
[SourceTitle "EXT 2022"]
[Source "ChessBase"]
[SourceDate "2021.10.06"]
[SourceVersion "1"]
[SourceVersionDate "2021.10.06"]
[SourceQuality "1"]

1. d4 Nf6 2. Bf4 g6 3. e3 Bg7 4. c3 0-0 5. h3 d6 6. Nf3 c5 7. Nbd2 b6 8. Bc4 Bb7 9. 0-0 Nbd7 10. Bh2 cxd4 11. exd4 a6 12. a4 h6 13. Re1 Nh7 14. Re3 e5 15. dxe5 dxe5 16. Bxe5 Nxe5 17. Nxe5 Bxe5 18. Rxe5 Qf6 19. Qe2 Rad8 20. Re1 Qc6 21. f3 Rxd2 22. Bxf7+ Rxf7 23. Qxd2 Kg7 24. Qd4 Qf6 25. Re6 Qxd4+ 26. cxd4 b5 27. axb5 axb5 28. Rb6 Nf6 29. Rxb5 Nd5 30. Ra1 Nf4 31. Ra7 Bc8 32. Rxf7+ Kxf7 33. Kf2 Be6 34. Rb7+ Kf6 35. b4 Nd3+ 36. Ke3 Ne1 37. g4 g5 38. Rb6 Ng2+ 39. Ke4 Nf4 40. Ra6 Nd5 41. b5 Nc3+ 42. Kd3 Nd5 43. Ra1 Nf4+ 44. Ke3 Nd5+ 45. Kd3 Nf4+ 46. Kc2 Nd5 47. Kb3 Ne3+ 48. Ka4 Bd5 49. b6 Bxf3 50. Kb5 Kf7 51. Ka6 Nc2 52. Rf1 Nxd4 53. b7 1-0

[Event "Warsaw Najdorf Memorial op-B"]
[Site "Warsaw"]
[Date "2021.07.11"]
[Round "2"]
[White "Iwaszkiewicz, Krzysztof"]
[Black "Bartnik, Michal"]
[Result "0-1"]
[WhiteElo "1706"]
[BlackElo "1407"]
[PlyCount "100"]
[EventDate "2021.07.10"]
[EventType "swiss"]
[EventRounds "9"]
[EventCountry "POL"]
[SourceTitle "EXT 2022"]
[Source "ChessBase"]
[SourceDate "2021.10.06"]
[SourceVersion "1"]
[SourceVersionDate "2021.10.06"]
[SourceQuality "1"]

1. d4 Nf6 2. Bf4 c5 3. e3 cxd4 4. exd4 d5 5. c3 Nc6 6. Nd2 Bf5 7. Ngf3 e6 8. Bb5 Bd6 9. Bg3 0-0 10. 0-0 h6 11. Nb3 Ne4 12. Bxd6 Qxd6 13. Bxc6 bxc6 14. Nfd2 Rab8 15. Nxe4 Bxe4 16. Qe2 Bg6 17. Nc5 Rfe8 18. f4 Re7 19. b4 f6 20. Qg4 Bf5 21. Qg3 Rbe8 22. Rae1 Bh7 23. Re2 Kf7 24. Rfe1 Bf5 25. Rb2 g5 26. fxg5 Qxg3 27. hxg3 hxg5 28. Rf2 Kg6 29. a4 Rh8 30. Rfe2 Rhe8 31. Kf2 e5 32. a5 Bg4 33. Re3 e4 34. c4 f5 35. cxd5 cxd5 36. Rc3 f4 37. Kg1 Rh8 38. gxf4 gxf4 39. Rf1 Kg5 40. Kf2 f3 41. Rg1 Kf4 42. Kf1 fxg2+ 43. Kxg2 Bf3+ 44. Kf1 Rh2 45. Rg8 e3 46. Rf8+ Kg3 47. Rg8+ Bg4 48. Rxg4+ Kxg4 49. Kg1 Rd2 50. Nb3 e2 0-1

[Event "Warsaw YMCA Autumn-B 221st"]
[Site "Warsaw"]
[Date "2019.10.23"]
[Round "6"]
[White "Kasperski, Marcin"]
[Black "Iwaszkiewicz, Krzysztof"]
[Result "0-1"]
[WhiteElo "1638"]
[BlackElo "1768"]
[PlyCount "96"]
[EventDate "2019.09.20"]
[EventType "tourn"]
[EventRounds "13"]
[EventCountry "POL"]
[SourceTitle "CBM 195 Extra"]
[Source "ChessBase"]
[SourceDate "2020.05.31"]
[SourceVersion "1"]
[SourceVersionDate "2020.05.31"]
[SourceQuality "1"]

1. c4 c5 2. g3 Nc6 3. Bg2 g6 4. Nc3 Bg7 5. e4 e6 6. Nge2 Nge7 7. 0-0 0-0 8. d3 d6 9. a3 a6 10. Rb1 Nd4 11. Nxd4 cxd4 12. Ne2 Rb8 13. b4 b5 14. cxb5 Rxb5 15. Bd2 Bb7 16. a4 Rh5 17. Bf3 d5 18. e5 Rxe5 19. Bf4 Rf5 20. Bg4 e5 21. Bxf5 Nxf5 22. Bc1 Qd7 23. Qb3 e4 24. Nf4 Rc8 25. Bb2 Bc6 26. Rfc1 Rb8 27. Ba3 Bxa4 28. Qxd5 Qxd5 29. Nxd5 exd3 30. Rd1 Bxd1 31. Rxd1 Be5 32. Rxd3 Rb5 33. g4 Rxd5 34. gxf5 Rb5 35. fxg6 hxg6 36. Kg2 Kf8 37. f4 Bg7 38. Kf3 Ke7 39. Ke4 Ke6 40. Rg3 Bf8 41. Kxd4 Bxb4 42. Bc1 Bd6 43. h3 a5 44. Kc3 Rc5+ 45. Kb2 Rxc1 46. Re3+ Kf5 47. Kxc1 Bxf4 48. Kd2 a4 0-1

[Event "Warsaw YMCA Autumn-B 221st"]
[Site "Warsaw"]
[Date "2019.10.10"]
[Round "4"]
[White "Dabrowski, Leszek"]
[Black "Iwaszkiewicz, Krzysztof"]
[Result "0-1"]
[WhiteElo "1851"]
[BlackElo "1768"]
[PlyCount "108"]
[EventDate "2019.09.20"]
[EventType "tourn"]
[EventRounds "13"]
[EventCountry "POL"]
[SourceTitle "CBM 195 Extra"]
[Source "ChessBase"]
[SourceDate "2020.05.31"]
[SourceVersion "1"]
[SourceVersionDate "2020.05.31"]
[SourceQuality "1"]

1. c4 c5 2. Nc3 Nc6 3. Nf3 g6 4. g3 Bg7 5. Bg2 e6 6. 0-0 Nge7 7. d3 d5 8. cxd5 exd5 9. Bf4 0-0 10. Rc1 Qa5 11. Qd2 d4 12. Ne4 Qxd2 13. Nfxd2 b6 14. a3 Be6 15. Bd6 a5 16. Nc4 Bxc4 17. Rxc4 Rfc8 18. Rfc1 Nf5 19. b4 axb4 20. axb4 Nxb4 21. Bf4 Na2 22. Ra1 Ra5 23. Bd2 Nc3 24. Rxa5 bxa5 25. Nxc3 dxc3 26. Bxc3 Nd6 27. Bxa5 Nxc4 28. dxc4 Rb8 29. Bd5 Rb2 30. e3 Rb3 31. Kg2 Bc3 32. Bc7 h5 33. Bd6 Bb4 34. h3 Rb2 35. g4 hxg4 36. hxg4 Ra2 37. Kf3 Kg7 38. g5 Kg8 39. Be7 Rc2 40. Bd6 Rc1 41. Be7 Rg1 42. Kf4 Rf1 43. f3 Re1 44. e4 Bd2+ 45. Kg4 Rg1+ 46. Kh4 Be3 47. Bf6 Bd4 48. e5 Kf8 49. Kh3 Re1 50. Be4 Rc1 51. Bd5 Re1 52. Be4 Rh1+ 53. Kg4 Bf2 54. Bd5 Rh4# 0-1

[Event "Warsaw YMCA Autumn-B 221st"]
[Site "Warsaw"]
[Date "2019.10.03"]
[Round "3"]
[White "Iwaszkiewicz, Krzysztof"]
[Black "Gierech, Pawel"]
[Result "1-0"]
[WhiteElo "1768"]
[BlackElo "1670"]
[PlyCount "159"]
[EventDate "2019.09.20"]
[EventType "tourn"]
[EventRounds "13"]
[EventCountry "POL"]
[SourceTitle "CBM 195 Extra"]
[Source "ChessBase"]
[SourceDate "2020.05.31"]
[SourceVersion "1"]
[SourceVersionDate "2020.05.31"]
[SourceQuality "1"]

1. d4 d5 2. Bf4 Nf6 3. e3 c6 4. Bd3 Bg4 5. Nf3 e6 6. Nbd2 Bd6 7. Bg3 Qe7 8. c4 Bxg3 9. hxg3 Nbd7 10. cxd5 exd5 11. Qb3 Rb8 12. a4 h6 13. a5 0-0 14. 0-0 c5 15. Qa3 Rfe8 16. dxc5 Nxc5 17. Bb5 Bd7 18. Nd4 Bxb5 19. Nxb5 b6 20. Rfc1 Qd7 21. Nd4 Nfe4 22. Nxe4 dxe4 23. axb6 axb6 24. b4 Nd3 25. Rc6 b5 26. Qa5 Qb7 27. Rc7 Qd5 28. Nc6 Rb7 29. Rxb7 Qxc6 30. Qxb5 Qe6 31. Ra6 Qc8 32. Rc7 Qd8 33. Qd7 Qxd7 34. Rxd7 Nxb4 35. Raa7 Nc6 36. Rac7 Ne5 37. Rd4 f5 38. Rd5 g6 39. Rdc5 Re6 40. Rc8+ Kf7 41. R5c7+ Kf6 42. Rf8+ Kg5 43. Rc1 Rb6 44. Rf1 Kg4 45. Re8 Nd3 46. Rd8 g5 47. Rd4 Rb2 48. Rd6 h5 49. Rg6 Ne5 50. Rg7 Rc2 51. Rg8 Rb2 52. Kh2 Rc2 53. Rd8 h4 54. Rd5 Rxf2 55. Rxf2 hxg3+ 56. Kg1 gxf2+ 57. Kxf2 Nd3+ 58. Kf1 f4 59. Rd4 Kf5 60. Rd5+ Ne5 61. Ra5 fxe3 62. Ke2 Kf6 63. Ra6+ Kf5 64. Kxe3 Ng4+ 65. Ke2 Kf4 66. Ra5 Nf6 67. Ra3 Nh5 68. Kf2 Nf6 69. g3+ Kg4 70. Ra4 Kh3 71. Ra5 Kg4 72. Kg2 Nh5 73. Ra3 Nf6 74. Rb3 Nd5 75. Rb5 Ne3+ 76. Kf2 Nf5 77. Rb3 e3+ 78. Kg2 Nxg3 79. Rb4+ Kf5 80. Kxg3 1-0

[Event "EU-ch U14"]
[Site "Bratislava"]
[Date "2019.08.02"]
[Round "1"]
[White "Iwaszkiewicz, Krzysztof"]
[Black "Ochedzan, Tymon"]
[Result "0-1"]
[WhiteElo "1711"]
[BlackElo "2098"]
[PlyCount "110"]
[EventDate "2019.08.02"]
[EventType "swiss"]
[EventRounds "9"]
[EventCountry "SVK"]
[SourceTitle "EXT 2020"]
[Source "ChessBase"]
[SourceDate "2019.10.17"]
[SourceVersion "1"]
[SourceVersionDate "2019.10.17"]
[SourceQuality "1"]

1. d4 Nf6 2. Bf4 g6 3. Nc3 d5 4. e3 Bg7 5. h4 h5 6. Nf3 Bg4 7. Qd2 Bxf3 8. gxf3 c6 9. e4 e6 10. e5 Ng8 11. Bd3 Ne7 12. 0-0-0 Nd7 13. Rdg1 Qb6 14. Be3 0-0-0 15. Na4 Qc7 16. f4 Bh6 17. Qb4 Rde8 18. Bd2 Rhg8 19. Be2 Nf5 20. Rh3 Bf8 21. Nc5 Nxd4 22. Qxd4 Bxc5 23. Qa4 Bxf2 24. Rg2 Bc5 25. Be3 Qb6 26. Bxc5 Nxc5 27. Qa3 Ne4 28. Rb3 Qd4 29. Rd3 Qc5 30. Bf3 Qxa3 31. Rxa3 Nc5 32. b4 Na6 33. b5 cxb5 34. Be2 Rd8 35. Bxb5 Nc7 36. Bd3 Kb8 37. Rb3 a6 38. Kd2 Ka7 39. Rc3 Na8 40. Be2 Rc8 41. Re3 Nb6 42. f5 gxf5 43. Rxg8 Rxg8 44. Rc3 Nc4+ 45. Bxc4 dxc4 46. Rxc4 Rg4 47. Rc7 Rxh4 48. Rxf7 Re4 49. Rh7 Rxe5 50. Rxh5 Kb6 51. Kd3 Kc6 52. Rh8 Ra5 53. Re8 Kd6 54. Rb8 b5 55. Rb6+ Ke5 0-1

[Event "POL-chT U20"]
[Site "Kudowa Zdroj"]
[Date "2018.07.28"]
[Round "8.9"]
[White "Iwaszkiewicz, Krzysztof"]
[Black "Redzisz, Michal"]
[Result "0-1"]
[WhiteElo "1683"]
[BlackElo "1937"]
[PlyCount "134"]
[EventDate "2018.07.21"]
[EventType "team-tourn"]
[EventRounds "9"]
[EventCountry "POL"]
[SourceTitle "CBM 186 Extra"]
[Source "ChessBase"]
[SourceDate "2018.08.24"]
[SourceVersion "1"]
[SourceVersionDate "2018.08.24"]
[SourceQuality "1"]

1. d4 Nf6 2. Bf4 d5 3. e3 e6 4. c3 c5 5. Nd2 Bd6 6. Bg3 0-0 7. Ngf3 Qc7 8. Qc2 Nbd7 9. Bb5 e5 10. Bxd7 Nxd7 11. dxe5 Nxe5 12. Nxe5 Bxe5 13. Nf3 Bd6 14. 0-0 Bxg3 15. hxg3 h6 16. Rfe1 Be6 17. a4 Rfd8 18. a5 Rac8 19. Qa4 Bf5 20. Rad1 Rd7 21. Rd2 Rcd8 22. Kh1 Be4 23. Ng1 Qe5 24. Ne2 Rd6 25. Kg1 Rf6 26. Nf4 g5 27. Nh5 Rfd6 28. g4 Qe6 29. f3 Bg6 30. Ng3 d4 31. cxd4 Rxd4 32. Rxd4 cxd4 33. e4 Qe5 34. Nf1 d3 35. Rd1 Qxb2 36. Kh1 Qe2 37. Qb3 Kh7 38. Kh2 Qc2 39. Qb1 Qc7+ 40. Kh1 Qxa5 41. Qxb7 Qa4 42. Qb1 Qd4 43. Qa1 Qc5 44. Qc1 Qc2 45. Ne3 Qxc1 46. Rxc1 d2 47. Rd1 Rd3 48. Nf1 Kg7 49. Kg1 f6 50. Kf2 Bf7 51. Rxd2 Rxd2+ 52. Nxd2 a5 53. Nb1 a4 54. Ke3 Bc4 55. g3 Kf7 56. Na3 Ba6 57. f4 Ke6 58. Kd4 Be2 59. Kc5 Bxg4 60. Kb4 gxf4 61. gxf4 Bf3 62. e5 fxe5 63. fxe5 Kxe5 64. Kxa4 h5 65. Nc4+ Kf4 66. Nb2 Be2 67. Kb3 h4 0-1

[Event "Baltic Cup-B 2nd"]
[Site "Darlowko"]
[Date "2018.07.03"]
[Round "9"]
[White "Iwaszkiewicz, Krzysztof"]
[Black "Polak, Michal"]
[Result "1/2-1/2"]
[WhiteElo "1530"]
[BlackElo "1836"]
[PlyCount "26"]
[EventDate "2018.06.24"]
[EventType "swiss"]
[EventRounds "9"]
[EventCountry "POL"]
[SourceTitle "CBM 187 Extra"]
[Source "ChessBase"]
[SourceDate "2018.11.04"]
[SourceVersion "1"]
[SourceVersionDate "2018.11.04"]
[SourceQuality "1"]

1. d4 Nf6 2. c4 e6 3. Nc3 Bb4 4. Qc2 c5 5. dxc5 Bxc5 6. Bf4 Nc6 7. Nf3 0-0 8. e3 d5 9. 0-0-0 Qa5 10. a3 dxc4 11. Bxc4 a6 12. Kb1 b5 13. Bd3 b4 1/2-1/2

[Event "Baltic Cup-B 2nd"]
[Site "Darlowko"]
[Date "2018.06.29"]
[Round "6"]
[White "Iwaszkiewicz, Krzysztof"]
[Black "Zielinski, Andrzej1111"]
[Result "0-1"]
[WhiteElo "1530"]
[BlackElo "1813"]
[PlyCount "146"]
[EventDate "2018.06.24"]
[EventType "swiss"]
[EventRounds "9"]
[EventCountry "POL"]
[SourceTitle "CBM 187 Extra"]
[Source "ChessBase"]
[SourceDate "2018.11.04"]
[SourceVersion "1"]
[SourceVersionDate "2018.11.04"]
[SourceQuality "1"]

1. d4 d5 2. c4 dxc4 3. e3 Nf6 4. Bxc4 e6 5. Nf3 Be7 6. 0-0 0-0 7. Qe2 c6 8. Rd1 Qc7 9. a3 b5 10. Ba2 a5 11. Bd2 b4 12. Bc4 Ne4 13. axb4 Nxd2 14. Nbxd2 Bxb4 15. Bd3 f6 16. Rdc1 Qe7 17. Nb3 Ba6 18. Nfd2 Bxd3 19. Qxd3 Rd8 20. Qc4 Kh8 21. Nf3 Ra7 22. Ra2 Qd6 23. Rca1 Qd5 24. Nfd2 c5 25. Qxd5 Rxd5 26. Nc4 cxd4 27. Nxd4 e5 28. Nc2 Rad7 29. g3 Rc5 30. b3 Bc3 31. Rc1 Rcd5 32. Kg2 Rd8 33. Ra4 Rb5 34. Rb1 h6 35. N2a3 Rc5 36. Rc1 Bb4 37. Nc2 Nc6 38. Nxb4 axb4 39. Kf3 Rd3 40. Rb1 Kh7 41. h4 Kg6 42. Rb2 f5 43. Ra6 Kh7 44. Rxc6 e4+ 45. Kf4 g5+ 46. hxg5 hxg5+ 47. Kxg5 Rxc6 48. Kxf5 Rc8 49. Kxe4 Rc3 50. Kf3 Rf8+ 51. Ke2 Kg6 52. Nd2 Kf5 53. Ra2 Rd8 54. Ra5+ Ke6 55. Rb5 Rc2 56. Rb6+ Ke7 57. Rb7+ Ke8 58. Rxb4 Rdxd2+ 59. Kf3 Rxf2+ 60. Kg4 Rc3 61. Re4+ Kd7 62. b4 Rb3 63. Kh5 Rh2+ 64. Kg6 Re2 65. Rd4+ Ke6 66. g4 Rexe3 67. g5 Re5 68. Rg4 Rbe3 69. Kh7 R3e4 70. Rg2 Rxb4 71. g6 Rh5+ 72. Kg7 Rb7+ 73. Kg8 Kf6 0-1

[Event "Baltic Cup-B 2nd"]
[Site "Darlowko"]
[Date "2018.06.25"]
[Round "2"]
[White "Kaminski, Marcin1111"]
[Black "Iwaszkiewicz, Krzysztof"]
[Result "1/2-1/2"]
[WhiteElo "1526"]
[BlackElo "1530"]
[PlyCount "116"]
[EventDate "2018.06.24"]
[EventType "swiss"]
[EventRounds "9"]
[EventCountry "POL"]
[SourceTitle "CBM 187 Extra"]
[Source "ChessBase"]
[SourceDate "2018.11.04"]
[SourceVersion "1"]
[SourceVersionDate "2018.11.04"]
[SourceQuality "1"]

1. e4 c5 2. Nf3 e6 3. d4 cxd4 4. Nxd4 Nf6 5. Nc3 Nc6 6. Ndb5 Bb4 7. a3 Bxc3+ 8. Nxc3 d5 9. exd5 exd5 10. Bd3 0-0 11. 0-0 d4 12. Ne2 Bg4 13. f3 Bh5 14. Bg5 Bg6 15. Bxg6 fxg6 16. Qd3 Qb6 17. Rad1 Rad8 18. Nf4 Ne5 19. Qb3+ Qxb3 20. cxb3 h6 21. Bxf6 Rxf6 22. Nd3 Nxd3 23. Rxd3 Rc6 24. Rfd1 Rcd6 25. Kf2 Kf7 26. f4 Kf6 27. Kf3 R8d7 28. g4 g5 29. fxg5+ Kxg5 30. Kg3 Kg6 31. h4 Kf6 32. Kf4 g5+ 33. hxg5+ hxg5+ 34. Ke4 Re6+ 35. Kf3 Red6 36. Re1 Kf7 37. Kg3 Re6 38. Rf3+ Rf6 39. Rd1 Ke6 40. Re1+ Kf7 41. Rh1 Ke6 42. Re1+ Kf7 43. Rd3 Re6 44. Rf1+ Rf6 45. Rff3 Ke6 46. Rf2 Rxf2 47. Kxf2 Ke5 48. Rf3 Ke4 49. Rf5 Rd5 50. Rf7 Rb5 51. b4 d3 52. Re7+ Kf4 53. Rd7 Kxg4 54. Rxd3 a5 55. Rd4+ Kf5 56. Kf3 axb4 57. axb4 Ke5 58. Rg4 Kf5 1/2-1/2

[Event "Baltic Cup-B 2nd"]
[Site "Darlowko"]
[Date "2018.06.24"]
[Round "1"]
[White "Iwaszkiewicz, Krzysztof"]
[Black "Hasinski, Krystian"]
[Result "1-0"]
[WhiteElo "1530"]
[BlackElo "1921"]
[PlyCount "63"]
[EventDate "2018.06.24"]
[EventType "swiss"]
[EventRounds "9"]
[EventCountry "POL"]
[SourceTitle "CBM 187 Extra"]
[Source "ChessBase"]
[SourceDate "2018.11.04"]
[SourceVersion "1"]
[SourceVersionDate "2018.11.04"]
[SourceQuality "1"]

1. d4 d5 2. c4 c6 3. Nc3 Nf6 4. Nf3 g6 5. Bf4 Bg7 6. e3 0-0 7. h3 Qa5 8. Be2 Ne4 9. Qb3 Nxc3 10. bxc3 Nd7 11. 0-0 Nf6 12. Rac1 Ne4 13. Ne5 Nd2 14. Qb2 Nxf1 15. Bxf1 f6 16. Nf3 Kh8 17. cxd5 cxd5 18. c4 a6 19. cxd5 Qxd5 20. Rc7 b5 21. Rxe7 Bxh3 22. gxh3 Qxf3 23. Bg2 Qd1+ 24. Kh2 Rac8 25. Qa3 g5 26. Bg3 Rc1 27. Bd6 Rg8 28. Qb3 Qd2 29. Kg3 Rc2 30. Qxg8+ Kxg8 31. Bd5+ Kf8 32. Re5# 1-0

[Event "Mazowiec-chT op 1718"]
[Site "Warsaw"]
[Date "2018.02.18"]
[Round "8.13"]
[White "Jedynak, January"]
[Black "Iwaszkiewicz, Krzysztof"]
[Result "1-0"]
[WhiteElo "1830"]
[BlackElo "1542"]
[PlyCount "77"]
[EventDate "2017.12.03"]
[EventType "team-swiss"]
[EventRounds "10"]
[EventCountry "POL"]
[SourceTitle "EXT 2020"]
[Source "ChessBase"]
[SourceDate "2019.10.17"]
[SourceVersion "1"]
[SourceVersionDate "2019.10.17"]
[SourceQuality "1"]

1. d4 d5 2. c4 c6 3. Nf3 Nf6 4. Nc3 e6 5. e3 Nbd7 6. Bd3 Be7 7. 0-0 0-0 8. Qc2 dxc4 9. Bxc4 a6 10. e4 h6 11. a4 b5 12. axb5 cxb5 13. Bxb5 Bb7 14. Bd3 Qb6 15. Qe2 Rfd8 16. e5 Ne8 17. Be3 Bxf3 18. Qxf3 Qxb2 19. Na4 Qb3 20. Bxh6 Qb4 21. Qe4 Nef6 22. exf6 Nxf6 23. Qe3 Ng4 24. Qe4 Nxh6 25. Qh7+ Kf8 26. Qh8+ Ng8 27. Bh7 Bf6 28. Rfb1 Qxd4 29. Bxg8 Qxa1 30. Rxa1 Bxa1 31. g3 Bf6 32. Nb6 Ra7 33. Nc8 g6 34. Qxf6 Rxc8 35. Bh7 Rc1+ 36. Kg2 Ke8 37. Bxg6 Rc6 38. Qh8+ Ke7 39. Bxf7 1-0

[Event "Mazowiec-chT op 1718"]
[Site "Warsaw"]
[Date "2018.02.04"]
[Round "5.17"]
[White "Kwasniak, Tomasz"]
[Black "Iwaszkiewicz, Krzysztof"]
[Result "1-0"]
[WhiteElo "1737"]
[BlackElo "1542"]
[PlyCount "63"]
[EventDate "2017.12.03"]
[EventType "team-swiss"]
[EventRounds "10"]
[EventCountry "POL"]
[SourceTitle "EXT 2020"]
[Source "ChessBase"]
[SourceDate "2019.10.17"]
[SourceVersion "1"]
[SourceVersionDate "2019.10.17"]
[SourceQuality "1"]

1. d4 d5 2. c4 c6 3. cxd5 cxd5 4. Nf3 Nf6 5. Nc3 Nc6 6. Bf4 Nh5 7. Bg3 Nxg3 8. hxg3 Bf5 9. Qb3 e5 10. e3 a6 11. Nxe5 Nb4 12. Rc1 f6 13. Nf3 b5 14. a3 Nd3+ 15. Bxd3 Bxd3 16. Qxd5 Rc8 17. Qxd8+ Rxd8 18. Kd2 Bc4 19. Ne1 Bc5 20. Nd3 Bb6 21. Kc2 0-0 22. b3 Bf7 23. Kb2 Bg6 24. Nf4 Bf7 25. Ne4 Rfe8 26. Nc5 a5 27. b4 a4 28. Rhe1 g5 29. Nfd3 Bc4 30. e4 Bf7 31. d5 f5 32. f3 1-0